Biochemical engineering fundamentals / (Record no. 4481)
[ view plain ]
| 000 -LEADER | |
|---|---|
| fixed length control field | 00958nac a22002411u 4500 |
| 010 ## - LIBRARY OF CONGRESS CONTROL NUMBER | |
| LC control number | 85019744 |
| 020 ## - INTERNATIONAL STANDARD BOOK NUMBER | |
| International Standard Book Number | 0070032122 : |
| 082 00 - DEWEY DECIMAL CLASSIFICATION NUMBER | |
| Classification number | 660.63 |
| Item number | B1541 |
| 090 ## - LOCALLY ASSIGNED LC-TYPE CALL NUMBER (OCLC); LOCAL CALL NUMBER (OCLC) | |
| -- | 4481 |
| -- | 4481 |
| 100 ## - MAIN ENTRY--PERSONAL NAME | |
| Personal name | Bailey, James E. |
| 245 10 - TITLE STATEMENT | |
| Title | Biochemical engineering fundamentals / |
| Statement of responsibility, etc | James E. Bailey, David F. Ollis. |
| 250 ## - EDITION STATEMENT | |
| Edition statement | 2nd ed. |
| 260 ## - PUBLICATION, DISTRIBUTION, ETC. (IMPRINT) | |
| Place of publication, distribution, etc | New York : |
| Name of publisher, distributor, etc | McGraw-Hill,1986 |
| Date of publication, distribution, etc | c1986. |
| 300 ## - PHYSICAL DESCRIPTION | |
| Extent | xxi, 984 p. : |
| Other physical details | ill. ; |
| Dimensions | 24 cm. |
| 440 #0 - | |
| -- | McGraw-Hill chemical engineering series |
| 504 ## - BIBLIOGRAPHY, ETC. NOTE | |
| Bibliography, etc | Includes bibliographies and index. |
| 650 #0 - SUBJECT ADDED ENTRY--TOPICAL TERM | |
| Topical term or geographic name as entry element | Biochemical engineering. |
| 700 1# - ADDED ENTRY--PERSONAL NAME | |
| Personal name | Ollis, David F. |
| 856 42 - ELECTRONIC LOCATION AND ACCESS | |
| Materials specified | Publisher description |
| Uniform Resource Identifier | <a href="http://www.loc.gov/catdir/description/mh022/85019744.html">http://www.loc.gov/catdir/description/mh022/85019744.html</a> |
| 856 42 - ELECTRONIC LOCATION AND ACCESS | |
| Materials specified | Table of contents |
| Uniform Resource Identifier | <a href="http://www.loc.gov/catdir/toc/mh021/85019744.html">http://www.loc.gov/catdir/toc/mh021/85019744.html</a> |
| 942 ## - ADDED ENTRY ELEMENTS (KOHA) | |
| Item type | Book - Borrowing |
| Call number prefix | 660.63B1541 |
| Withdrawn status | Item status | Damaged status | Not for loan | Home library | Current library | Shelving location | Date acquired | Source of acquisition | Total Checkouts | Total Renewals | Full call number | Barcode | Checked out | Date last seen | Date last borrowed | Koha item type |
|---|---|---|---|---|---|---|---|---|---|---|---|---|---|---|---|---|
| Central Library | Central Library | First floor | 09/09/2007 | Purchase | 2 | 2 | 660.63 BAI | 000000183 | 22/09/2019 | 03/01/2019 | 03/01/2019 | Book - Borrowing |